| 000 | 00993cam a2200265 a 4500 | ||
|---|---|---|---|
| 999 |
_c534 _d534 |
||
| 001 | 13942382 | ||
| 003 | GZU | ||
| 005 | 20200904103716.0 | ||
| 008 | 050426r20061965nju b 001 0 eng | ||
| 010 | _a 2005041894 | ||
| 020 | _a0202308197 (pbk. : alk. paper) | ||
| 040 |
_aDLC _cDLC _dDLC |
||
| 041 | 1 |
_aeng _hfre |
|
| 050 | 0 | 0 |
_aD16.14 _b.VAN 2006 |
| 100 | 1 |
_aVansina, Jan. _eauthor |
|
| 240 | 1 | 0 |
_aDe la tradition orale. _lEnglish |
| 245 | 1 | 0 |
_aOral tradition : _ba study in historical methodology / _cJan Vansina ; translated from the French by H.M. Wright ; with a new introduction by Selma Leydesdorff and Elizabeth Tonkin. |
| 260 |
_aNew Brunswick, N.J. : _bAldine Transaction, _cc2006. |
||
| 300 |
_axx, 226 p. ; _c23 cm. |
||
| 500 | _aOriginally published: Chicago : Aldine Pub. Co., 1965. | ||
| 504 | _aIncludes bibliographical references (p. 216-222) and index. | ||
| 650 | 0 | _aOral history. | |
| 906 |
_a7 _bcbc _corignew _d1 _eocip _f20 _gy-gencatlg |
||
| 942 |
_2lcc _cBK _h16.4 _iVAN _kD |
||